[Event "Bydgoszcz blind op 43rd"]
[Site "Bydgoszcz"]
[Date "2014.03.17"]
[Round "5.6"]
[White "Pawelec, Bartosz"]
[Black "Narloch, Zbyslaw"]
[Result "1-0"]
[WhiteElo "2023"]
[BlackElo "1805"]
[PlyCount "63"]
[EventDate "2014.03.13"]
[EventType "swiss"]
[EventRounds "11"]
[EventCountry "POL"]
[SourceTitle "EXT 2023"]
[Source "ChessBase"]
[SourceDate "2022.10.05"]
[SourceVersion "1"]
[SourceVersionDate "2022.10.05"]
[SourceQuality "1"]

1. e4 e6 2. d4 d5 3. Nd2 c5 4. Ngf3 dxe4 5. Nxe4 cxd4 6. Nxd4 a6 7. Be3 Be7 8. Bd3 Nf6 9. 0-0 0-0 10. c4 Nbd7 11. Qc2 h6 12. Rad1 Qe8 13. f4 Nxe4 14. Bxe4 e5 15. fxe5 Nxe5 16. Nf5 Bg5 17. Bc5 Bxf5 18. Rxf5 g6 19. Rff1 Be7 20. Bd4 Nc6 21. Bd5 Nxd4 22. Qxg6+ Kh8 23. Qxh6+ Kg8 24. Qg6+ Kh8 25. Qh5+ Kg7 26. Qg4+ Kh8 27. Qxd4+ f6 28. Qh4+ Kg7 29. Rd3 Bd6 30. Qg4+ Qg6 31. Qxg6+ Kxg6 32. Be4+ 1-0

[Event "POL-chT blind Gp A"]
[Site "Mielno"]
[Date "2013.12.12"]
[Round "9.8"]
[White "Narloch, Zbyslaw"]
[Black "Bzowski, Grzegorz"]
[Result "0-1"]
[WhiteElo "1856"]
[BlackElo "1617"]
[PlyCount "40"]
[EventDate "2013.12.06"]
[EventType "team-tourn"]
[EventRounds "10"]
[EventCountry "POL"]
[SourceTitle "EXT 2019"]
[Source "ChessBase"]
[SourceDate "2018.10.10"]
[SourceVersion "1"]
[SourceVersionDate "2018.10.10"]
[SourceQuality "1"]

1. d4 d5 2. c4 e6 3. e3 Nf6 4. Nc3 c6 5. Nf3 Be7 6. cxd5 exd5 7. Bd3 0-0 8. 0-0 Nbd7 9. h3 Re8 10. Bd2 Nf8 11. Qc2 Bd6 12. Bf5 Ng6 13. Bxc8 Rxc8 14. a3 Bc7 15. Ne2 Re6 16. Qa4 Nh4 17. Nh2 Rd6 18. g3 Qd7 19. Kh1 Qxh3 20. Ng1 Qg2# 0-1

[Event "POL-chT blind Gp A"]
[Site "Mielno"]
[Date "2013.12.10"]
[Round "5.8"]
[White "Narloch, Zbyslaw"]
[Black "Kowalczyk, Marian"]
[Result "0-1"]
[WhiteElo "1856"]
[BlackElo "1986"]
[PlyCount "86"]
[EventDate "2013.12.06"]
[EventType "team-tourn"]
[EventRounds "10"]
[EventCountry "POL"]
[SourceTitle "EXT 2019"]
[Source "ChessBase"]
[SourceDate "2018.10.10"]
[SourceVersion "1"]
[SourceVersionDate "2018.10.10"]
[SourceQuality "1"]

1. d4 Nf6 2. c4 e6 3. e3 d5 4. Nf3 c5 5. Nc3 Nc6 6. dxc5 Bxc5 7. cxd5 exd5 8. a3 0-0 9. Be2 Bf5 10. 0-0 a6 11. b4 Ba7 12. Bb2 d4 13. exd4 Nxd4 14. Nxd4 Bxd4 15. Bf3 Rb8 16. Qd2 Be5 17. Qxd8 Rfxd8 18. Rad1 b6 19. Rxd8+ Rxd8 20. Rd1 Rxd1+ 21. Bxd1 Ne4 22. Na4 Bxb2 23. Nxb2 Nc3 24. a4 Kf8 25. Kf1 Ke7 26. Ke1 b5 27. axb5 axb5 28. Be2 Kd6 29. Nd1 Nxe2 30. Kxe2 Ke5 31. Ke3 Kd5 32. Nb2 g5 33. h3 h5 34. f3 h4 35. f4 f6 36. fxg5 fxg5 37. Nd3 Kc4 38. Ne5+ Kxb4 39. Nf3 Kc3 40. Nd4 Bd3 41. Nxb5+ Bxb5 42. Kf3 Bd7 43. Ke4 Kd2 0-1

[Event "POL-chT Blind Gr A"]
[Site "Zakopane"]
[Date "2008.03.18"]
[Round "10.14"]
[White "Gosek, Zenon"]
[Black "Narloch, Zbyslaw"]
[Result "1/2-1/2"]
[WhiteElo "2079"]
[BlackElo "1842"]
[PlyCount "29"]
[EventDate "2008.03.09"]
[EventType "team-swiss"]
[EventRounds "10"]
[EventCountry "POL"]
[SourceTitle "EXT 2019"]
[Source "ChessBase"]
[SourceDate "2018.10.10"]
[SourceVersion "1"]
[SourceVersionDate "2018.10.10"]
[SourceQuality "1"]

1. e4 e6 2. d4 d5 3. Nd2 c5 4. Ngf3 Nc6 5. exd5 Qxd5 6. Bb5 cxd4 7. Qe2 a6 8. Bxc6+ bxc6 9. 0-0 Bd6 10. Ne4 c5 11. Rd1 Qc6 12. c3 e5 13. Nxd6+ Qxd6 14. Qxe5+ Qxe5 15. Nxe5 1/2-1/2

[Event "POL-chT Blind Gr A"]
[Site "Zakopane"]
[Date "2008.03.16"]
[Round "8.9"]
[White "Stankiewicz, Edward"]
[Black "Narloch, Zbyslaw"]
[Result "1-0"]
[WhiteElo "1899"]
[BlackElo "1842"]
[PlyCount "29"]
[EventDate "2008.03.09"]
[EventType "team-swiss"]
[EventRounds "10"]
[EventCountry "POL"]
[SourceTitle "EXT 2019"]
[Source "ChessBase"]
[SourceDate "2018.10.10"]
[SourceVersion "1"]
[SourceVersionDate "2018.10.10"]
[SourceQuality "1"]

1. e4 e6 2. d3 d5 3. Nd2 Nf6 4. Ngf3 dxe4 5. dxe4 Be7 6. g3 0-0 7. Bg2 b6 8. 0-0 Bb7 9. Re1 c5 10. Qe2 Qe8 11. e5 Nd5 12. a3 Nd7 13. Nf1 g6 14. h4 Kh8 15. N1h2 1-0

[Event "POL-chT Blind Gr A"]
[Site "Zakopane"]
[Date "2008.03.13"]
[Round "5.14"]
[White "Narloch, Zbyslaw"]
[Black "Gosek, Zenon"]
[Result "0-1"]
[WhiteElo "1842"]
[BlackElo "2079"]
[PlyCount "28"]
[EventDate "2008.03.09"]
[EventType "team-swiss"]
[EventRounds "10"]
[EventCountry "POL"]
[SourceTitle "EXT 2019"]
[Source "ChessBase"]
[SourceDate "2018.10.10"]
[SourceVersion "1"]
[SourceVersionDate "2018.10.10"]
[SourceQuality "1"]

1. b4 e5 2. Bb2 Bxb4 3. Bxe5 Nf6 4. c4 0-0 5. Nf3 Re8 6. e3 Nc6 7. Bb2 d5 8. cxd5 Qxd5 9. Bxf6 gxf6 10. Nc3 Qh5 11. Be2 Bg4 12. h3 Rad8 13. 0-0 Bxc3 14. hxg4 Qa5 0-1

[Event "POL-chT Blind Gr A"]
[Site "Zakopane"]
[Date "2008.03.10"]
[Round "1.4"]
[White "Migala, Andrzej"]
[Black "Narloch, Zbyslaw"]
[Result "1-0"]
[WhiteElo "2085"]
[BlackElo "1842"]
[PlyCount "39"]
[EventDate "2008.03.09"]
[EventType "team-swiss"]
[EventRounds "10"]
[EventCountry "POL"]
[SourceTitle "EXT 2019"]
[Source "ChessBase"]
[SourceDate "2018.10.10"]
[SourceVersion "1"]
[SourceVersionDate "2018.10.10"]
[SourceQuality "1"]

1. e4 e6 2. d4 d5 3. e5 c5 4. c3 Nc6 5. Nf3 Qb6 6. a3 a5 7. Bd3 Bd7 8. Bc2 cxd4 9. cxd4 Nge7 10. Nc3 Na7 11. 0-0 h6 12. Re1 Nec6 13. Rb1 Be7 14. Be3 0-0 15. Qd3 f5 16. exf6 Bxf6 17. Bxh6 Nxd4 18. Qh7+ Kf7 19. Bg6+ Ke7 20. Nxd5+ 1-0